000 00627nam a2200193 i 4500
001 139028
003 ES-MaACL
005 20230906195705.0
007 t|
008 070214s1920 sp |||| | spa d
100 1 _aSaralegui y Medina, Manuel de.
_9103752
245 1 3 _aEl blindaje líquido /
_cManuel de Saralegui y Medina.
260 _aMadrid :
_b[s.n.],
_c1920 (
_fImp. de los Hijos de M.G. Hernández)
490 1 _aMenudencias históricas ;
_v7
651 4 _aEspaña-
_xHistoria naval-
_yS.XIX.
_9143044
830 1 _aMenudencias históricas ;
_v7
_9187112
852 _aES-MaACL
_j1598-F-7
999 _c139028
_d139028